Periodización del entrenamiento deportivo
Guardat en:
| Autor principal: | |
|---|---|
| Format: | Llibre |
| Idioma: | espanyol |
| Publicat: |
Madrid
Instituto Nacional de Educación Física
1977
|
| Matèries: | |
| Etiquetes: |
Afegir etiqueta
Sense etiquetes, Sigues el primer a etiquetar aquest registre!
|
MARC
| LEADER | 00000nam a2200000 a 4500 | ||
|---|---|---|---|
| 001 | UCY9674 | ||
| 003 | CL-VaPUC | ||
| 008 | 950717e19770420SP |||||||||||||||||spa|d | ||
| 082 | 0 | 4 | |a 613.71 |b MAT |2 21 |
| 100 | |a Matveev, Lev Pavlovich |e autor |9 462464 | ||
| 245 | 1 | 0 | |a Periodización del entrenamiento deportivo |
| 300 | |a 188 p | ||
| 942 | |c BK | ||
| 945 | |d 19950717 00:00:00 |a lriquelm | ||
| 260 | |a Madrid |b Instituto Nacional de Educación Física |c 1977 | ||
| 650 | 7 | |a ENTRENAMIENTO ATLETICO |2 CL-VaPUC |9 342177 | |
| 650 | 7 | |a DEPORTE |2 CL-VaPUC |9 342178 | |
| 650 | 0 | |a Educación física |9 240893 | |
| 650 | 0 | |a Desarrollo físico |9 334273 | |
| 650 | 0 | |a Metodología |9 256610 | |
| 583 | |a last modification |c 19950717 00:00:00 |k Rodrigo Vera | ||
| 999 | |c 236725 |d 236723 | ||
| 952 | |0 0 |1 0 |4 0 |6 613_710000000000000_MAT_1977 |7 0 |8 P |9 244996 |a BIBEDU |b BIBEDU |c BIBEDU_PB |d 2019-11-18 |i 1534068 |o 613.71 MAT 1977 |p 1534068 |r 2024-01-25 |w 2019-11-18 |y BK |k EDU | ||
| 952 | |0 0 |1 0 |4 0 |6 613_710000000000000_MAT_1977 |7 0 |8 P |9 244997 |a BIBEDU |b BIBEDU |c BIBEDU_PB |d 2019-11-18 |i 1534076 |o 613.71 MAT 1977 |p 1534076 |r 2024-01-25 |w 2019-11-18 |y BK |k EDU | ||
| 952 | |0 0 |1 0 |4 0 |6 613_710000000000000_MAT_1977 |7 0 |8 P |9 244998 |a BIBEDU |b BIBEDU |c BIBEDU_PB |d 2019-11-18 |i 1534084 |o 613.71 MAT 1977 |p 1534084 |r 2024-01-25 |w 2019-11-18 |y BK |k EDU | ||